<?xml version="1.0" encoding="UTF-8"?>
<record
    xmlns:xsi="http://www.w3.org/2001/XMLSchema-instance"
    xsi:schemaLocation="http://www.loc.gov/MARC21/slim http://www.loc.gov/standards/marcxml/schema/MARC21slim.xsd"
    xmlns="http://www.loc.gov/MARC21/slim">

  <leader>01988cam a22003015a 4500</leader>
  <controlfield tag="001">18335154</controlfield>
  <controlfield tag="005">20150816113426.0</controlfield>
  <controlfield tag="008">141015t2014    maua   frbd   001 0 eng d</controlfield>
  <datafield tag="020" ind1=" " ind2=" ">
    <subfield code="a">1284031055 </subfield>
  </datafield>
  <datafield tag="020" ind1=" " ind2=" ">
    <subfield code="a">9781284031058</subfield>
  </datafield>
  <datafield tag="040" ind1=" " ind2=" ">
    <subfield code="a">SCO</subfield>
    <subfield code="b">eng</subfield>
    <subfield code="c">SCO</subfield>
    <subfield code="d">EG-ScBUE</subfield>
  </datafield>
  <datafield tag="082" ind1="0" ind2="4">
    <subfield code="a">363.25968</subfield>
    <subfield code="b">EAS</subfield>
    <subfield code="2">22</subfield>
  </datafield>
  <datafield tag="100" ind1="1" ind2=" ">
    <subfield code="a">Easttom, Chuck.</subfield>
    <subfield code="9">38311</subfield>
  </datafield>
  <datafield tag="245" ind1="1" ind2="0">
    <subfield code="a">System forensics, investigation, and response /</subfield>
    <subfield code="c">Chuck Easttom.</subfield>
  </datafield>
  <datafield tag="250" ind1=" " ind2=" ">
    <subfield code="a">2nd ed.</subfield>
  </datafield>
  <datafield tag="260" ind1=" " ind2=" ">
    <subfield code="a">Burlington :</subfield>
    <subfield code="b">Jones &amp; Bartlett Learning,</subfield>
    <subfield code="c">c.2014.</subfield>
  </datafield>
  <datafield tag="300" ind1=" " ind2=" ">
    <subfield code="a">xvi, 315 p. :</subfield>
    <subfield code="b">ill. ;</subfield>
    <subfield code="c">24 cm.</subfield>
  </datafield>
  <datafield tag="490" ind1="1" ind2=" ">
    <subfield code="a">Jones &amp; Bartlett Learning information systems security &amp; assurance series</subfield>
  </datafield>
  <datafield tag="500" ind1=" " ind2=" ">
    <subfield code="a">Glossary : p. 295-299.</subfield>
  </datafield>
  <datafield tag="500" ind1=" " ind2=" ">
    <subfield code="a">Index : p. 303-315.</subfield>
  </datafield>
  <datafield tag="504" ind1=" " ind2=" ">
    <subfield code="a">Bibliography : p. 301-302.</subfield>
  </datafield>
  <datafield tag="520" ind1=" " ind2=" ">
    <subfield code="a">"Completely revised and rewritten to keep pace with the fast-paced field of Computer Forensics! Computer crimes call for forensics specialists, people who know how to find and follow the evidence. System Forensics, Investigation, and Response, Second Edition begins by examining the fundamentals of system forensics, such as what forensics is, the role of computer forensics specialists, computer forensic evidence, and application of forensic analysis skills. It also gives an overview of computer crimes, forensic methods, and laboratories. It then addresses the tools, techniques, and methods used to perform computer forensics and investigation. Finally, it explores emerging technologies as well as future directions of this interesting and cutting-edge field. New and key features of the Second Edition: Examines the fundamentals of system forensics; Discusses computer crimes and forensic methods; Written in an accessible and engaging style; Incorporates real-world examples and engaging cases."--Publisher.</subfield>
  </datafield>
  <datafield tag="650" ind1=" " ind2="0">
    <subfield code="a"> Computer crimes</subfield>
    <subfield code="x">Investigation. </subfield>
    <subfield code="9">11331</subfield>
    <subfield code="2">BUEsh</subfield>
  </datafield>
  <datafield tag="651" ind1=" " ind2=" ">
    <subfield code="2">BUEsh</subfield>
  </datafield>
  <datafield tag="653" ind1=" " ind2=" ">
    <subfield code="b">COMSCI</subfield>
    <subfield code="c">June2015</subfield>
    <subfield code="c">August2015</subfield>
  </datafield>
  <datafield tag="655" ind1=" " ind2=" ">
    <subfield code="v">reading book</subfield>
    <subfield code="9">34232</subfield>
  </datafield>
  <datafield tag="942" ind1=" " ind2=" ">
    <subfield code="2">ddc</subfield>
    <subfield code="k">363.25968 EAS</subfield>
  </datafield>
  <datafield tag="999" ind1=" " ind2=" ">
    <subfield code="c">19773</subfield>
    <subfield code="d">19745</subfield>
  </datafield>
  <datafield tag="952" ind1=" " ind2=" ">
    <subfield code="0">0</subfield>
    <subfield code="1">0</subfield>
    <subfield code="2">ddc</subfield>
    <subfield code="4">0</subfield>
    <subfield code="7">0</subfield>
    <subfield code="8">Alahram</subfield>
    <subfield code="a">MAIN</subfield>
    <subfield code="b">MAIN</subfield>
    <subfield code="c">1ST</subfield>
    <subfield code="d">2015-06-18</subfield>
    <subfield code="e">purchase</subfield>
    <subfield code="g">448.00</subfield>
    <subfield code="h">319</subfield>
    <subfield code="l">1</subfield>
    <subfield code="m">6</subfield>
    <subfield code="o">363.25968 EAS</subfield>
    <subfield code="p">000038785</subfield>
    <subfield code="r">2025-07-15 00:00:00</subfield>
    <subfield code="s">2024-04-22</subfield>
    <subfield code="v">560.00</subfield>
    <subfield code="y">BB</subfield>
  </datafield>
</record>
